| 000 | 00649nam a2200169 a 4500 | ||
|---|---|---|---|
| 008 | 120416s1978 ||||||||||||||||| || u | ||
| 050 | _aHD 7288.78.K4 Mul | ||
| 100 | _aMuller, M. S | ||
| 245 | 1 | 0 | _aLocal authority housing in Kenya |
| 246 | _areport on a survey carried out by the Ministry of Housing and Social Services... | ||
| 260 |
_aNairobi _bHousing Research and Development Unit _c1978 |
||
| 350 | _a0.00 | ||
| 650 | _aHOUSING | ||
| 650 | _aHOUSING--KENYA | ||
| 700 | _aEygelaar, J | ||
| 995 |
_D0.00 _FCBU-MAIN LIBRARY (Kitwe) _H1 _I0.00 _M1 _UDAMAGED _ZMain Library Open Access Collection |
||
| 999 |
_c49422 _d49422 |
||